000
00320nam a2200133Ia 4500
005
20251222144734.0
008
251222s9999||||xx |||||||||||||| ||spa||
020
_a
84-8403-406-2
082
_a
813.5/P73N/1999
100
_a
Poe, Edgar Allan
245
0
_a
Narraciones Extraordinarias:
264
_b
Edimat
942
_c
LIB
999
_c
18717
_d
18717